000 01289nam a2200325 i 4500
003 EG-GICUC
005 20260121101213.0
008 251112b1970 ua ||||f |||| 00| 0 ara d
040 _a EG-GICUC
_c EG-GICUC
_d EG-GICUC
_erda
_bara
041 _aara
082 0 4 _221
_a345.250624
_bع ل . ح
099 _aLaw1 07 345.250624 ع ل . ح 1970
100 0 _aعلي السيد الحبيبي
_eمؤلف.
245 1 2 _aالحكم المحلي في السودان /
_cإعداد د. علي السيد الحبيبي.
264 1 _aالقاهرة :
_bجامعة الدول العربية - المنظمة العربية للعلوم الإدارية، مركز البحوث الإدارية،
_c1970.
300 _a95 صفحة ؛
_c24 سم.
336 _2rda content
_atext
337 _2rda media
_aComputer
338 _2rda carrier
_aOnline Resource
490 _v66
504 _aيشتمل على ارجاعات ببليوجرافية.
546 _aالنص باللغة العربية
650 1 4 _aالحكم المحلي
650 1 7 _aالإدارة المحلية
_2qrmak
650 1 7 _2qrmak
_aالقانون الإداري
651 1 4 _aالسودان
856 4 0 _uhttps://fll.law.cu.edu.eg/fulltext/bks/B07-00240.pdf
905 _a73
_eEman
942 _2ddc
_n0
_cBK
_e21
999 _c42790
_d42790